| 000 | 00906cam a22002412 4500 | ||
|---|---|---|---|
| 001 | 0000005025 | ||
| 005 | 20151217151950.0 | ||
| 008 | 070605s xx 000 0 eng d | ||
| 020 | _a9840516337 : | ||
| 040 |
_aKABU _cKABU |
||
| 050 | 0 |
_aT173.8 _b.B85 |
|
| 245 | 1 | 0 |
_aBuilding technological capability : _bissues and prospects: Nepal, Bangladesh and India / _cedited by Mozammel Huq. |
| 260 |
_aDhake, Bangladesh : _bThe University Press, _c2003. |
||
| 300 |
_axxii, 256 p. ; _c22 cm. |
||
| 504 | _aIncludes bibliographical references and index. | ||
| 650 | 0 |
_aTechnological innavations _zDeveloping countries. _@0000156079 |
|
| 650 | 0 |
_aResearch, Industrial _zDeveloping countries. _@0000156080 |
|
| 650 | 0 |
_aTechnical assistance _zDeveloping countries. _@0000156081 |
|
| 700 | 1 |
_aHuq, Mozammel. _@0000150446 |
|
| 908 | _a070605 | ||
| 950 | _@1 | ||
| 999 |
_c6804 _d6804 |
||